|
|
|
|
| LEADER |
00000nam0a2200000 4500 |
| 001 |
144157 |
| 005 |
20231031143545.0 |
| 010 |
|
|
|a 9785962401959
|
| 035 |
|
|
|a (RuTPU)RU\TPU\book\156238
|
| 090 |
|
|
|a 144157
|
| 100 |
|
|
|a 20080930d2007 k y0rusy50 ca
|
| 101 |
0 |
|
|a rus
|
| 102 |
|
|
|a RU
|
| 105 |
|
|
|a a z 001zy
|
| 200 |
1 |
|
|a Геодинамика золоторудных районов юга Восточной Сибири
|f А. Т. Корольков
|g Иркутский гос. ун-т
|
| 210 |
|
|
|a Иркутск
|c Изд-во Иркутского ГТУ
|d 2007
|
| 215 |
|
|
|a 251 с.
|c ил.
|
| 320 |
|
|
|a Библиогр.: с. 241-251.
|
| 330 |
|
|
|a Рассмотрена геодинамика крупных золоторудных районов юга Восточной Сибири: Бодайбинского, Муйского, Еравиенского, Гарганского, Балейского. Они приурочены к орогенным поясам трех типов - пассивной континентальной окраины, аккреционно-коллизионному, внутрититному плюмтектоническому. Важнейшее значение для оруденения золоторудных районов имеют структуры коллизионного и постколлизионного этапов: поддвиговые орокяины, террейны, различные купола, сдвиги, комплексы метаморфических ядер, рифтогенные впадины. Монография предназначена для специалистов-геологов, аспирантов и студентов.
|
| 610 |
1 |
|
|a золоторудные месторождения
|
| 610 |
1 |
|
|a геодинамика
|
| 610 |
1 |
|
|a Восточная Сибирь
|
| 610 |
1 |
|
|a золото
|
| 610 |
1 |
|
|a металлогения
|
| 610 |
1 |
|
|a золоторудные районы
|
| 610 |
1 |
|
|a геология
|
| 675 |
|
|
|a 553.411(571.5)
|v 3
|
| 675 |
|
|
|a 551.24(571.5)
|v 3
|
| 700 |
|
1 |
|a Корольков
|b А. Т.
|g Алексей Тихонович
|
| 712 |
0 |
2 |
|a Иркутский государственный университет (ИГУ)
|2 stltpush
|3 (RuTPU)RU\TPU\col\273
|
| 801 |
|
1 |
|a RU
|b 63413507
|c 20080930
|g PSBO
|
| 801 |
|
2 |
|a RU
|b 63413507
|c 20081020
|g PSBO
|
| 942 |
|
|
|c BK
|